| 000 | 01136njm a2200361 c 4500 | ||
|---|---|---|---|
| 003 | BLK | ||
| 005 | 20240528113651.0 | ||
| 008 | 180410b bul||n||s|||||||| n|bulo| | ||
| 010 | _aCDD00009280000 | ||
| 040 | _aBLK | ||
| 041 |
_aDEU _cDEU |
||
| 072 | 7 |
_2bullib _aН9901 _xНемска читалня - музика Н |
|
| 080 |
_aСалонни и танцови оркестри. Естраден оркестър. Джаз. Рок _b785.161 _z785.161 |
||
| 139 |
_aPaintbox _bP 15 |
||
| 245 | 1 | 0 |
_aVen [CD аудио] _cизп. Paintbox; комп. Jonas Windscheid. |
| 257 | _aDEU | ||
| 260 |
_bDouble Moon Rec. _cs. a. |
||
| 300 | _c12 см. Stereo | ||
| 306 | _a51мин. 46сек. | ||
| 380 | _a7 | ||
| 650 | 4 |
_aДжаз _9153283 |
|
| 653 | _aджаз | ||
| 659 | _aФ | ||
| 700 | 1 |
_aPaintbox _eизп. _920480 |
|
| 700 | 1 |
_aWindscheid, Jonas _eкомп. _928202 |
|
| 852 |
_aЦб CD 4115 _p0 |
||
| 856 | 4 |
_qpdf _u |
|
| 856 | 4 |
_qpdf _u |
|
| 942 |
_cCDD _n0 |
||
| 944 |
_aCR _c12.12.2015 _k30545 _lНора Радева |
||
| 944 |
_aED _c12.12.2015 _kТеодора_Стоянова |
||
| 999 |
_c228415 _d228415 |
||
| 999 | _d228415 | ||